| 000 | 00669cam a22002171a 4500 | ||
|---|---|---|---|
| 001 | ne 65002362 | ||
| 003 | DLC | ||
| 005 | 20260227111818.0 | ||
| 008 | 850408s1964 ua 001 0 arar | ||
| 010 | _ane 65002362 | ||
| 035 | _a(OCoLC)11893403 | ||
| 040 |
_aDLC _cTxU-L _dTxU-L _dDLC |
||
| 042 | _apremarc | ||
| 050 | 0 | 0 |
_aKRM1270 _b.S53 1964 |
| 100 | 1 | _aShanab, Muḥammad Labīb. | |
| 245 | 1 | 0 |
_aSharḥ qānūn al-ʻamal / _cMuḥammad Labīb Shanab. |
| 260 |
_aal-Qāhirah : _bDār al-Nahḍah al-ʻArabīyah, _c1964. |
||
| 300 |
_a429 p. ; _c24 cm. |
||
| 504 | _aIncludes bibliographical references and index. | ||
| 650 | 0 |
_aLabor laws and legislation _zEgypt. |
|
| 999 |
_c48500 _d48500 |
||